Minority Ethnic Groups of Europe - Statistics

General Stats
  • This quiz has been taken 290 times
  • The average score is 10 of 15
Answer Stats
Hint Answer % Correct
Nomadic group that migrated from modern-day India Romani
90%
Their language is official in Switzerland, although speakers make up just 0.5% of the Swiss population Romansh
89%
The indigenous people of northern Fennoscandia Sámi
86%
Native to the Pyrenees, they speak Europe's only language isolate Basques
83%
These people are the only one of the 6 "Celtic Nations" located outside the British Isles Bretons
78%
Turkic people of eastern Europe and central Asia who make up Russia's 2nd-largest ethnic group Tatars
78%
The majority group of their eponymous province of the Netherlands West Frisians
69%
Eastern European Jews Ashkenazim
67%
Their native islands are ruled by Denmark, but closest to Iceland and Scotland Faroese
66%
Although they are one of Belgium's 2 major ethnic groups, they are statistically a minority of the Belgian population Walloons
59%
Slavic group primarily located in Germany Sorbians
57%
Stalin ordered the deportation of many of these people, also known as "Russlanddeutschen" Volga Germans
54%
Often associated with the above, despite being genetically related to the ethnic Irish Irish Travellers
50%
Slavic group from the Eastern Carpathians Rusyn
44%
Their ancestors fled to Italy from Ottoman Albania Arbëreshë
17%
No matching quizzes found
Score Distribution
Percent of People with Each Score
Percentile by Number Answered
Your Score History
You have not taken this quiz